Les villes les plus peuplées de France commençant par R - Statistiques

Statistiques générales
  • Ce quiz a été pris 96 fois
  • Le résultat moyen est 8 sur 15
Statistiques - réponses
Départements Population Villes % Correct
Seine Maritime 112 000 Rouen
93%
Ille et Vilaine 220 000 Rennes
92%
Charente Maritime (La) 77 000 La Rochelle
89%
Vendée (La) 55 000 La Roche-sur-Yon
89%
Marne 181 000 Reims
89%
Nord 99 000 Roubaix
81%
Loire 34 000 Roanne
44%
Yvelines 27 000 Rambouillet
38%
Loire Atlantique 43 000 Rezé
37%
Hauts de Seine 78 000 Rueil-Malmaison
37%
Seine Saint Denis 46 000 Rosny-sous-Bois
26%
Drôme 33 000 Romans-sur-Isère
25%
Seine Saint Denis 30 000 Romainville
21%
Essonne 30 000 Ris-Orangis
15%
Rhône 31 000 Rillieux-la-Pape
12%
Aucun quiz correspondant
Distribution des résultats
% des personnes avec chaque résultat
Percentile par nombre de réponses
Votre historique - résultats
Vous n’avez pas pris ce quiz